000 00508nam a2200193Ia 4500
001 20389
003 IN-NITTTR
005 20251114233233.0
008 251113s9999||||xx |||||||||||||| ||eng||
040 _beng
040 _cIN-NITTTR
041 _aeng
082 _a370.1931 K685S
100 _aKindred, Lesile W
245 4 _aThe school and community relations. /
_cKindred, Lesile W, Bagin, Don, Gallagher, Donald R.
700 _a Bagin, Don
700 _a Gallagher, Donald R.
942 _2ddc
_cBK
999 _c23022
_d23022